Practical approach to Income Tax Law : (Record no. 5671)

MARC details
000 -LEADER
fixed length control field 00553cam a2200193ua 4500
008 - FIXED-LENGTH DATA ELEMENTS--GENERAL INFORMATION
fixed length control field 131217n ii |||gr||||Z||||||eng
040 ## - CATALOGING SOURCE
Transcribing agency MAIN
082 ## - DEWEY DECIMAL CLASSIFICATION NUMBER
Classification number 336.24
245 ## - TITLE STATEMENT
Title Practical approach to Income Tax Law :
Remainder of title With wealth tax law /
Statement of responsibility, etc. By D.K. Chakraborty .
250 ## - EDITION STATEMENT
Edition statement 25th ed.
260 ## - PUBLICATION, DISTRIBUTION, ETC.
Place of publication, distribution, etc. Calcutta:
Name of publisher, distributor, etc. Rabindra library,
Date of publication, distribution, etc. 1999.
300 ## - PHYSICAL DESCRIPTION
Extent xx,807p.
700 ## - ADDED ENTRY--PERSONAL NAME
Personal name Chakraborty,D.K.,
Relator term
700 1# - ADDED ENTRY--PERSONAL NAME
Personal name Gupta,Samrat,
Relator term
942 ## - ADDED ENTRY ELEMENTS (KOHA)
Koha item type Books
653 ## - INDEX TERM--UNCONTROLLED
Uncontrolled term Commerce
653 ## - INDEX TERM--UNCONTROLLED
Uncontrolled term Practical approach to Income Tax Law :
Holdings
Withdrawn status Lost status Damaged status Not for loan Home library Current library Shelving location Date acquired Total Checkouts Full call number Barcode Date last seen Copy number Price effective from Koha item type
        Naharkatiya College Library Naharkatiya College Library General Stacks 19/09/2020   336.24 | CHA 13659 19/09/2020 1 19/09/2020 Books

Naharkatiya College © 2020. All rights reserved.

Powered By